[Event "Morbihan-ch 0607"]
[Site "Morbihan"]
[Date "2006.12.16"]
[Round "3"]
[White "Deslias, Quentin"]
[Black "Cheneau, Alain"]
[Result "1-0"]
[WhiteElo "1340"]
[BlackElo "1499"]
[PlyCount "71"]
[EventDate "2006.10.21"]
[EventType "swiss"]
[EventRounds "7"]
[EventCountry "FRA"]
[SourceTitle "EXT 2009"]
[Source "ChessBase"]
[SourceDate "2008.11.26"]
[SourceVersion "1"]
[SourceVersionDate "2008.11.26"]
[SourceQuality "1"]

1. e4 e5 2. Nf3 f6 3. Nc3 d6 4. h3 c6 5. Bc4 Ne7 6. a3 Ng6 7. d3 Be7 8. 0-0 Nd7 9. Be3 b5 10. Ba2 Bb7 11. b4 Qc7 12. Re1 0-0-0 13. d4 h6 14. dxe5 Ndxe5 15. Nd4 Qd7 16. Be6 Qxe6 17. Nxe6 d5 18. Nxd8 Kxd8 19. Bxa7 Nd7 20. Bc5 Ke8 21. Bxe7 Nxe7 22. exd5 Kf7 23. dxc6 Bxc6 24. Qd6 Re8 25. Nd5 Bxd5 26. Qxd7 Kg6 27. Qxe8+ Bf7 28. Qxe7 h5 29. Rad1 h4 30. Rd7 f5 31. Qxf7+ Kg5 32. f4+ Kxf4 33. Rd4+ Kg5 34. Qxg7+ Kh5 35. Rd6 f4 36. Rh6# 1-0

[Event "Fouesnant op 12th"]
[Site "Fouesnant"]
[Date "2006.11.02"]
[Round "7"]
[White "Deslias, Quentin"]
[Black "Bertrand, Benjamin"]
[Result "1/2-1/2"]
[WhiteElo "1340"]
[BlackElo "1390"]
[PlyCount "74"]
[EventDate "2006.10.28"]
[EventType "swiss"]
[EventRounds "9"]
[EventCountry "FRA"]
[SourceTitle "EXT 2008"]
[Source "ChessBase"]
[SourceDate "2007.11.25"]
[SourceVersion "1"]
[SourceVersionDate "2007.11.25"]
[SourceQuality "1"]

1. e4 c6 2. c4 e5 3. Nf3 Qc7 4. b3 Nf6 5. d3 Bc5 6. Be3 Bxe3 7. fxe3 d6 8. h3 Be6 9. Nbd2 Nbd7 10. d4 d5 11. exd5 cxd5 12. c5 Bf5 13. Be2 exd4 14. exd4 Qg3+ 15. Kf1 0-0 16. Qe1 Qc7 17. Bd1 Rfe8 18. Qf2 Re7 19. b4 Rae8 20. Ba4 Re2 21. Qxe2 Rxe2 22. Kxe2 Ne4 23. Nxe4 Bxe4 24. Rac1 Nf6 25. c6 b6 26. Ne1 a6 27. b5 a5 28. Bc2 Bxc2 29. Rxc2 Ne8 30. Nf3 Qe7+ 31. Kd3 Qe4+ 32. Kd2 Qf4+ 33. Kd3 Qe4+ 34. Kd2 Nc7 35. Re1 Qf4+ 36. Kd3 Qf5+ 37. Kd2 Qf4+ 1/2-1/2

[Event "Hennebont Grand Prix U14"]
[Site "Hennebont"]
[Date "2006.08.06"]
[Round "6"]
[White "Delporte, Charles"]
[Black "Deslias, Quentin"]
[Result "1-0"]
[WhiteElo "1300"]
[BlackElo "1360"]
[PlyCount "83"]
[EventDate "2006.08.06"]
[EventType "swiss"]
[EventRounds "7"]
[EventCountry "FRA"]
[SourceTitle "EXT 2008"]
[Source "ChessBase"]
[SourceDate "2007.11.25"]
[SourceVersion "1"]
[SourceVersionDate "2007.11.25"]
[SourceQuality "1"]

1. e4 e5 2. Nf3 Nc6 3. Nc3 Nf6 4. Bc4 Bb4 5. a3 Bxc3 6. dxc3 Nxe4 7. Bxf7+ Kxf7 8. Qd5+ Ke8 9. Qxe4 h6 10. Nxe5 Nxe5 11. Qxe5+ Qe7 12. Qxe7+ Kxe7 13. 0-0 d6 14. Be3 Bf5 15. Rac1 c6 16. Rfe1 Kd7 17. Red1 Bg4 18. f3 Bf5 19. Bf4 d5 20. c4 Be6 21. cxd5 Bxd5 22. c4 Rhf8 23. Be3 Rae8 24. Bc5 Rf5 25. cxd5 cxd5 26. Bxa7 Ra8 27. Bd4 g6 28. Rf1 Ra4 29. Rcd1 Rf4 30. Be3 Rh4 31. Rxd5+ Kc6 32. Rc5+ Kd6 33. Rd1+ Ke6 34. Rb5 Ra7 35. Bxa7 Re4 36. fxe4 Kf6 37. Rd6+ Ke7 38. Rbb6 g5 39. Rxh6 Kf7 40. Rxb7+ Kg8 41. Rc6 Kf8 42. Rc8# 1-0

[Event "Hennebont Grand Prix U14"]
[Site "Hennebont"]
[Date "2006.08.06"]
[Round "5"]
[White "Deslias, Quentin"]
[Black "Candalh, Theo"]
[Result "1-0"]
[WhiteElo "1360"]
[BlackElo "1440"]
[PlyCount "51"]
[EventDate "2006.08.06"]
[EventType "swiss"]
[EventRounds "7"]
[EventCountry "FRA"]
[SourceTitle "EXT 2008"]
[Source "ChessBase"]
[SourceDate "2007.11.25"]
[SourceVersion "1"]
[SourceVersionDate "2007.11.25"]
[SourceQuality "1"]

1. e4 e5 2. Nf3 Nc6 3. Bb5 Nf6 4. Nc3 Bb4 5. Bxc6 bxc6 6. Nxe5 Qe7 7. Nf3 Bxc3 8. dxc3 d5 9. e5 Ng4 10. 0-0 Nxe5 11. Nxe5 Qxe5 12. Re1 Qxe1+ 13. Qxe1+ Be6 14. Bf4 0-0 15. Bxc7 Rfe8 16. Qd2 Re7 17. Bf4 Rae8 18. Bd6 Rd7 19. Bb4 d4 20. cxd4 Red8 21. Rd1 Bg4 22. Re1 h6 23. c3 a5 24. Bxa5 Ra8 25. Qd3 Rxa5 26. Re8# 1-0

[Event "Hennebont Grand Prix U14"]
[Site "Hennebont"]
[Date "2006.08.06"]
[Round "7"]
[White "Deslias, Quentin"]
[Black "Deslias, Gregoire"]
[Result "0-1"]
[WhiteElo "1360"]
[BlackElo "1620"]
[PlyCount "32"]
[EventDate "2006.08.06"]
[EventType "swiss"]
[EventRounds "7"]
[EventCountry "FRA"]
[SourceTitle "EXT 2008"]
[Source "ChessBase"]
[SourceDate "2007.11.25"]
[SourceVersion "1"]
[SourceVersionDate "2007.11.25"]
[SourceQuality "1"]

1. e4 e5 2. Nf3 Nc6 3. Bb5 Bc5 4. Nc3 Nf6 5. Bxc6 dxc6 6. Nxe5 Qd4 7. 0-0 Qxe5 8. d4 Qxd4 9. Bd2 0-0 10. Re1 Qxf2+ 11. Kh1 Ng4 12. Rf1 Qh4 13. h3 Nf2+ 14. Rxf2 Bxf2 15. Qe2 Bxh3 16. Be1 Bg4# 0-1

[Event "Hennebont Grand Prix U14"]
[Site "Hennebont"]
[Date "2006.08.05"]
[Round "2"]
[White "Damour, Theo"]
[Black "Deslias, Quentin"]
[Result "1/2-1/2"]
[WhiteElo "1550"]
[BlackElo "1360"]
[PlyCount "38"]
[EventDate "2006.08.06"]
[EventType "swiss"]
[EventRounds "7"]
[EventCountry "FRA"]
[SourceTitle "EXT 2008"]
[Source "ChessBase"]
[SourceDate "2007.11.25"]
[SourceVersion "1"]
[SourceVersionDate "2007.11.25"]
[SourceQuality "1"]

1. e4 e5 2. Nf3 Nc6 3. d4 f6 4. dxe5 fxe5 5. Bg5 Be7 6. Bxe7 Qxe7 7. Nc3 Nf6 8. Nd5 Nxd5 9. Qxd5 Qb4+ 10. Kd1 Qxb2 11. Rc1 d6 12. Bc4 Rf8 13. Rf1 Bg4 14. h3 Bxf3+ 15. gxf3 Qd4+ 16. Qxd4 Nxd4 17. Rb1 0-0-0 18. Bd5 c6 19. Bc4 Rxf3 1/2-1/2

[Event "Morbihan-ch 0506"]
[Site "Arradon"]
[Date "2006.04.15"]
[Round "7"]
[White "Deslias, Quentin"]
[Black "Georget, Arnaud"]
[Result "1-0"]
[WhiteElo "1250"]
[BlackElo "1270"]
[PlyCount "125"]
[EventDate "2005.10.01"]
[EventType "swiss"]
[EventRounds "7"]
[EventCountry "FRA"]
[SourceTitle "EXT 2007"]
[Source "ChessBase"]
[SourceDate "2006.11.23"]
[SourceVersion "1"]
[SourceVersionDate "2006.11.23"]
[SourceQuality "1"]

1. e4 e5 2. Nf3 Nc6 3. Bc4 Bc5 4. a3 Nf6 5. b4 Bd4 6. Nxd4 Nxd4 7. c3 Nc6 8. Qb3 Qe7 9. d3 h6 10. Be3 0-0 11. Bb5 a6 12. Bxc6 dxc6 13. Bc5 Be6 14. Bxe7 Bxb3 15. Bxf8 Kxf8 16. 0-0 Bc2 17. d4 exd4 18. cxd4 Bxe4 19. Nd2 a5 20. Nxe4 Nxe4 21. Rfe1 Nc3 22. Re3 Nd5 23. Rf3 axb4 24. Rb3 b6 25. Rbb1 bxa3 26. Rc1 Nb4 27. Rc4 Ra4 28. Kf1 b5 29. Rc3 a2 30. Ke1 Ke7 31. Kd1 Kd6 32. Kc1 Kd5 33. Kb2 Kxd4 34. Rd1+ Ke5 35. Rc5+ Ke6 36. Ra1 Kd6 37. Rf5 f6 38. Kb3 c5 39. Rd1+ Kc6 40. Ra1 c4+ 41. Kc3 Nd5+ 42. Kb2 Nb4 43. Rf3 Kd5 44. Rd1+ Kc5 45. Ra3 Nd3+ 46. Kxa2 g5 47. Rxa4 bxa4 48. f3 Kb4 49. Rb1+ Kc5 50. Ka3 Kd4 51. Kxa4 Nf4 52. Rd1+ Kc3 53. Rc1+ Kd4 54. Ka3 Nxg2 55. Kb4 Nf4 56. Rxc4+ Kd3 57. Rc6 Ke3 58. Rc3+ Kf2 59. Kb3 Kg2 60. Rxc7 Kxf3 61. Rc6 Nd5 62. Kc4 Ke4 63. Re6+ 1-0